000 00983nmm a2200277 a 4500
001 ocm000596709
003 TR-IsHL
005 20201028134813.0
008 131203s2008 tu tur
007 cr cn
020 _a9789944425513
035 _a596709
_b(N$T)
050 0 4 _aPF3121
_b.T87 2008
090 0 4 _aPF3121
_b.T87 2008
245 1 0 _aTürkçe- Almanca konuşma ve seyahat rehberi: seyahat ve gündelik hayatta karşılaşılabilecek durumlar
_h[electronic resource] /
_chaz. Cemal Yıldız, Erol Hacısalihoğlu
260 _aİstanbul :
_bBilge Kültür Sanat,
_c2008
300 _a276 p.
650 4 _aGenel Çalışmalar
650 4 _aGeneral Works
650 0 _aAlman Dili
_x Konuşma
650 0 _aGerman Language
_x Speech
650 7 _aFOREIGN LANGUAGE STUDY / German
_2bisacsh
700 1 _aYıldız, Cemal
700 1 _aHacısalihoğlu, Erol
856 4 0 _uhttp://search.ebscohost.com/login.aspx?direct=true&scope=site&db=e011xww&AN=596709
999 _c6395
_d6395